Noms de roi Francs VS Noms d'empereurs byzantins - Statistiques

Statistiques générales
  • Ce quiz a été pris 5 fois
  • Le résultat moyen est 4 sur 8
Statistiques - réponses
Hint Réponse % Correct
Empereur Byzantin Basile Le Tueur de Bulgares
80%
Roi Franc Charles le Simple
60%
Empereur Byzantin Constantin Copronyme
40%
Empereur Byzantin Léon le Boucher
40%
Roi Franc Louis le bègue
40%
Roi Franc Louis Le Gros
40%
Roi Franc Pépin Le Bref
40%
Empereur Byzantin Nicéphore La Mort pâle des Sarrasins
20%
Aucun quiz correspondant
Distribution des résultats
% des personnes avec chaque résultat
Percentile par nombre de réponses
Votre historique - résultats
Vous n’avez pas pris ce quiz